000
00292nam a22001211a 4500
082
_a
M 398.2
_b
CHA/F
245
_a
Folklorinte varthamanam/
_c
by Chandramohan K (ed.)
260
_b
K Chandramohan,
_c
2010.
_a
300
_a
152p.
650
_a
Folklore
650
_a
Social Sciences
942
_c
BK
999
_c
14872
_d
14872